000
00246nam a2200097Ia 4500
008
201231s9999 xx 000 0 und d
100
_a
Das, B. C. and Mukherjee, B. N.
245
0
_a
Differential Calculus
260
_a
Calcutta
_b
U N Dhar
942
_c
BK
999
_c
9816
_d
9816